000 00813nam a2200241 a 4500
001 000036132
003 DO-SdBNP
005 20240228142033.0
008 111214s 2011 dr a 000 0 spa d
020 _a9789945164602
040 _aDO-SdBNP
_bspa
_cBNPHU
082 4 _aBNPHU
_bB828e
100 1 _aBrea Tió, Héctor,
_d1953-
_938649
245 1 3 _aEl enigma de Joaquín Balaguer. /
_cHéctor Brea Tió ; prólogo Manuel Mora Serrano.
260 _aSanto Domingo :
_bBúho,
_c2011.
300 _a339 p. :
_bils. ;
_c24 cm.
500 _aIncluye datos biográficos del autor en las solapas
504 _aIncluyendo referencias bibliográficas y notas al pie de las páginas
590 _aInventariado, 2021/BT
700 1 _aMora Serrano, Manuel,
_c1933-
_epról.
_95162
910 _aBtavárez
942 _2ddc
_cLBS1
999 _c35623
_d35623